000
00291nam a22001337a 4500
008
171201b xxu||||| |||| 00| 0 eng d
020
_a
561653001
041
_a
eng
080
_a
159.9
100
_a
49
101
_a
PSI
245
_a
THE EVOLVING FEMALE
_c
HECKERMAN,C.L
942
_2
udc
_c
BK
999
_c
38706
_d
38706